IFM Opac

The theory and practices of commercial policy (Record no. 20055)

MARC details
000 -LEADER
fixed length control field 00285nam a22001097a 4500
082 ## - DEWEY DECIMAL CLASSIFICATION NUMBER
Classification number 380.13BHA
100 ## - MAIN ENTRY--PERSONAL NAME
Personal name Bhagwati, J
245 ## - TITLE STATEMENT
Title The theory and practices of commercial policy
260 ## - PUBLICATION, DISTRIBUTION, ETC.
Place of publication, distribution, etc. Amerca
Name of publisher, distributor, etc. princeton university press
Date of publication, distribution, etc. 1968
300 ## - PHYSICAL DESCRIPTION
Extent vi, 74p
Other physical details Bibliography
942 ## - ADDED ENTRY ELEMENTS (KOHA)
Koha item type Books
Holdings
Withdrawn status Lost status Damaged status Not for loan Home library Current library Shelving location Date acquired Total Checkouts Full call number Barcode Date last seen Price effective from Koha item type
        IFM Main Campus Library IFM Main Campus Library Archival Collection 08/21/2018   380.13BHA 0000012745 08/21/2018 08/21/2018 Books